Normal view
MARC view
Entry Personal Name
001 - CONTROL NUMBER
- control field: 40214
003 - CONTROL NUMBER IDENTIFIER
- control field: AUA.1
005 - DATE AND TIME OF LATEST TRANSACTION
- control field: 20140204125443.0
008 - FIXED-LENGTH DATA ELEMENTS
- fixed length control field: 140204|||a|||||| | ||| d
040 ## - CATALOGING SOURCE
- Original cataloging agency: AUA.1
- Transcribing agency: AUA.1
100 ## - HEADING--PERSONAL NAME
- Personal name: Baldwin, Clinton S.,
- Dates associated with a name: 1961-
670 ## - SOURCE DATA FOUND
- Source citation: Work cat.: (AUA.1)0: Baldwin, Clinton S., 1961-, Justification by faith :, c2002.